Algorithms + data structures = programs (Record no. 83889)
[ view plain ]
| 000 -LEADER | |
|---|---|
| fixed length control field | 00834nam a2200157 a 4500 |
| 008 - FIXED-LENGTH DATA ELEMENTS--GENERAL INFORMATION | |
| fixed length control field | 120416s2000 ||||||||||||||||| || u |
| 020 ## - INTERNATIONAL STANDARD BOOK NUMBER | |
| International Standard Book Number | 8120305698 |
| 050 ## - LIBRARY OF CONGRESS CALL NUMBER | |
| Classification number | QA 76.9.D35 Wir |
| 100 ## - MAIN ENTRY--PERSONAL NAME | |
| Personal name | Wirth, Niklaus |
| 245 10 - TITLE STATEMENT | |
| Title | Algorithms + data structures = programs |
| 260 ## - PUBLICATION, DISTRIBUTION, ETC. | |
| Place of publication, distribution, etc. | New Delhi |
| Name of publisher, distributor, etc. | Prentice - Hall |
| Date of publication, distribution, etc. | 2000 |
| 350 ## - | |
| -- | 0.00 |
| 995 ## - | |
| -- | MAIN LIBRARY OPEN ACCESS |
| -- | 0.00 |
| -- | 733089 |
| -- | CBU-MAIN LIBRARY (Kitwe) |
| -- | 2 |
| -- | 95.00 |
| -- | QA 76.9.D35 Wir |
| -- | 2 |
| -- | AVAILABLE |
| -- | Oct 6, 2006 |
| -- | 44526 |
| -- | Main Library Open Access Collection |
| 995 ## - | |
| -- | MAIN LIBRARY OPEN ACCESS |
| -- | 0.00 |
| -- | 733090 |
| -- | CBU-MAIN LIBRARY (Kitwe) |
| -- | 1 |
| -- | 95.00 |
| -- | QA 76.9.D35 Wir |
| -- | 1 |
| -- | AVAILABLE |
| -- | 44523 |
| -- | Main Library Open Access Collection |
| 995 ## - | |
| -- | ANNEX COLLECTION (Main Library) |
| -- | 0.00 |
| -- | 733088 |
| -- | CBU-MAIN LIBRARY (Kitwe) |
| -- | 3 |
| -- | 95.00 |
| -- | QA 76.9.D35 Wir |
| -- | 3 |
| -- | AVAILABLE |
| -- | 44525 |
| -- | Annex Low-Usage Collection |
| 999 ## - | |
| -- | 83889 |
| -- | 83889 |
| Withdrawn status | Lost status | Source of classification or shelving scheme | Damaged status | Not for loan | Permanent Location | Current Location | Shelving location | Date acquired | Total Checkouts | Full call number | Barcode | Date last seen | Copy number | Price effective from | Koha item type | Date last checked out |
|---|---|---|---|---|---|---|---|---|---|---|---|---|---|---|---|---|
| CBU-MAIN LIBRARY, KITWE. | CBU-MAIN LIBRARY, KITWE. | 01/08/2024 | QA 76.9.D35 Wir | 44526 | 01/08/2024 | 1 | 01/08/2024 | MONOGRAPH | ||||||||
| CBU-MAIN LIBRARY, KITWE. | CBU-MAIN LIBRARY, KITWE. | 01/08/2024 | 1 | QA 76.9.D35 Wir | 44523 | 11/11/2024 | 2 | 01/08/2024 | MONOGRAPH | 09/13/2024 | ||||||
| CBU-MAIN LIBRARY, KITWE. | CBU-MAIN LIBRARY, KITWE. | 01/08/2024 | QA 76.9.D35 Wir | 44525 | 01/08/2024 | 3 | 01/08/2024 | MONOGRAPH |